Taylor Swift - Eldest Daughter Lyrics - Statistics

General Stats
  • This quiz has been taken 27 times
  • The average score is 276 of 355
Answer Stats
Answer % Correct
a
95%
A
95%
Every
95%
I
95%
so
95%
So
95%
the
95%
you
95%
You
95%
and
90%
And
90%
daughter
90%
eldest
90%
in
90%
is
90%
it
90%
lie
90%
not
90%
on
90%
On
90%
That
90%
that
90%
to
90%
was
90%
we
90%
We
90%
When
90%
when
90%
bad
86%
But
86%
me
86%
never
86%
(Never
86%
Never
86%
said
86%
They
86%
this
86%
all
81%
as
81%
down
81%
gonna
81%
I'm
81%
leave
81%
now
81%
out
81%
time
81%
up
81%
your
81%
back
76%
bitch
76%
break
76%
by
76%
first
76%
internet
76%
isn't
76%
savage
76%
they're
76%
vow
76%
vow)
76%
you're
76%
been
71%
believe
71%
'Cause
71%
dressed
71%
Everybody's
71%
have
71%
hot
71%
I've
71%
let
71%
looked
71%
marriage
71%
my
71%
night
71%
or
71%
punk
71%
seem
71%
slaughter
71%
take
71%
'til
71%
were
71%
wolves
71%
young
71%
beautiful
67%
Beautiful
67%
child
67%
don't
67%
Everyone's
67%
fire
67%
just
67%
life
67%
Like
67%
many
67%
memes
67%
off
67%
operators
67%
Sad
67%
seems
67%
Smooth
67%
traitors
67%
trolling
67%
unbothered
67%
about
62%
afflicted
62%
busy
62%
cold
62%
fell
62%
from
62%
home
62%
ice
62%
know
62%
lamb
62%
last
62%
nine
62%
single
62%
something
62%
terminal
62%
trying
62%
youngest
62%
apathy
57%
arm
57%
broke
57%
comments
57%
cool
57%
crush
57%
crushes
57%
dumb
57%
dying
57%
eight
57%
find
57%
I'd
57%
kind
57%
learned
57%
lilacs
57%
things
57%
thought
57%
trampoline
57%
uniqueness
57%
wild
57%
backyard
52%
felt
52%
found
52%
kisses
52%
lapse
52%
laughed
52%
must've
52%
raised
52%
somebody's
52%
cautious
48%
cutthroat
48%
discretion
48%
hard
48%
joke's
48%
soon
48%
wheels
48%
Pretty
43%
Shimmers
43%
Ferris
38%
innocent
38%
light
38%
nеver
0%
thе
0%
No matching quizzes found
Score Distribution
Percent of People with Each Score
Percentile by Number Answered
Your Score History
You have not taken this quiz